00000000nam 2200000zi 4500
0019.947178
003CaOODSP
00520250121095012
006m     o  d f      
007cr |n|||||||||
008250121s1974    oncb    o    f000 0 fre d
040 |aCaOODSP|bfre|erda|cCaOODSP
043 |an-cn---
0861 |aRE22-381/1974F-PDF
24503|a[L'agglomération métropolitaine de Montréal 2000+] : |b[le plan de développement].
264 1|a[Ottawa] : |b[Ministère de l'expansion économique régionale], |c[1974?]
300 |a1 ressource en ligne (24 pages) : |bcartes
336 |atexte|btxt|2rdacontent/fre
337 |ainformatique|bc|2rdamedia/fre
338 |aressource en ligne|bcr|2rdacarrier/fre
500 |aÉdition numérisée de l'imprimé [par Innovation, Sciences et Développement économique Canada].
500 |a«Zone spéciale de Ste-Scholastique.»
500 |aTitre français fournis par l’éditeur.
650 6|aAménagement du territoire|zQuébec (Province)|zMontréal, Région de.
650 6|aAéroport international de Montréal (Mirabel, Québec)
7101 |aCanada. |bMinistère de l'expansion économique régionale, |eorganisme de publication.
85640|qPDF|s1241 Ko|uhttps://publications.gc.ca/collections/collection_2025/isde-ised/RE22-381-1974-fra.pdf